Interdisciplinary Concepts in Cardiovascular Health [electronic resource] : Volume II: Secondary Risk Factors / edited by Ichiro Wakabayashi, Klaus Groschner.
Record details
- ISBN: 9783319010502
- Physical Description: XIII, 137 p. 22 illus., 18 illus. in color. online resource.
- Publisher: Cham : Springer International Publishing : 2013.
Search for related items by subject
| Subject: | Medicine. Metabolic diseases. Biomedicine. Molecular Medicine. Metabolic Diseases. Health Promotion and Disease Prevention. |
Other Formats and Editions
Electronic resources
| LDR | 01560nam a22004095i 4500 | ||
|---|---|---|---|
| 001 | 20055 | ||
| 003 | CONS | ||
| 005 | 20131019082220.0 | ||
| 007 | cr nn 008mamaa | ||
| 008 | 131016s2013 gw | s |||| 0|eng d | ||
| 020 | . | ‡a9783319010502 ‡9978-3-319-01050-2 | |
| 024 | 7 | . | ‡a10.1007/978-3-319-01050-2 ‡2doi |
| 035 | . | ‡a(DE-He213)978-3-319-01050-2 | |
| 050 | 4. | ‡aQH506 | |
| 072 | 7. | ‡aMBGR ‡2bicssc | |
| 072 | 7. | ‡aPSD ‡2bicssc | |
| 072 | 7. | ‡aSCI049000 ‡2bisacsh | |
| 072 | 7. | ‡aMED067000 ‡2bisacsh | |
| 100 | 1 | . | ‡aWakabayashi, Ichiro. ‡eeditor. |
| 245 | 1 | 0. | ‡aInterdisciplinary Concepts in Cardiovascular Health ‡h[electronic resource] : ‡bVolume II: Secondary Risk Factors / ‡cedited by Ichiro Wakabayashi, Klaus Groschner. |
| 264 | 1. | ‡aCham : ‡bSpringer International Publishing : ‡bImprint: Springer, ‡c2013. | |
| 300 | . | ‡aXIII, 137 p. 22 illus., 18 illus. in color. ‡bonline resource. | |
| 336 | . | ‡atext ‡btxt ‡2rdacontent | |
| 337 | . | ‡acomputer ‡bc ‡2rdamedia | |
| 338 | . | ‡aonline resource ‡bcr ‡2rdacarrier | |
| 347 | . | ‡atext file ‡bPDF ‡2rda | |
| 650 | 0. | ‡aMedicine. | |
| 650 | 0. | ‡aMetabolic diseases. | |
| 650 | 1 | 4. | ‡aBiomedicine. |
| 650 | 2 | 4. | ‡aMolecular Medicine. |
| 650 | 2 | 4. | ‡aMetabolic Diseases. |
| 650 | 2 | 4. | ‡aHealth Promotion and Disease Prevention. |
| 700 | 1 | . | ‡aGroschner, Klaus. ‡eeditor. |
| 710 | 2 | . | ‡aSpringerLink (Online service) |
| 773 | 0 | . | ‡tSpringer eBooks |
| 776 | 0 | 8. | ‡iPrinted edition: ‡z9783319010496 |
| 856 | 4 | 0. | ‡uhttp://biblioteca.ipicyt.edu.mx:2048/login?url=http://dx.doi.org/10.1007/978-3-319-01050-2 ‡yTexto completo ‡9CONS |
| 950 | . | ‡aBiomedical and Life Sciences (Springer-11642) | |
| 901 | . | ‡a20055 ‡b ‡c20055 ‡tbiblio ‡sSystem Local | |